| 000 | 00510nam a22001937a 4500 | ||
|---|---|---|---|
| 003 | OSt | ||
| 005 | 20180116182956.0 | ||
| 008 | 140418b xxu||||| |||| 00| 0 eng d | ||
| 020 | _a9788131502938 | ||
| 040 |
_a0 _b0 _c0 |
||
| 082 |
_212 Ed. _a658.8 KUR 2006 |
||
| 100 | _aKurtz Boone | ||
| 245 |
_aPrinciples of Marketint _cKurtz Boone |
||
| 250 | _aIndia Edition | ||
| 260 |
_aUK, USA _bCEngage Learning _c2006 |
||
| 300 |
_a656+ Aprox 50Plus _bPB |
||
| 440 | _aPrinciples of Marketing | ||
| 942 |
_2ddc _cBK |
||
| 999 |
_c349649 _d349649 |
||